Ochrana súkromia pri analýze a publikovaní údajov : Obhaj. 10.12.2012
Guardado en:
| Autor principal: | |
|---|---|
| Formato: | Manuscrito Libro |
| Lenguaje: | inglés |
| Publicado: |
Bratislava :
STU v Bratislave,
2012
|
| Etiquetas: |
Sin Etiquetas, Sea el primero en etiquetar este registro!
|
MARC
| LEADER | 00000ntm a22000003a 4500 | ||
|---|---|---|---|
| 001 | stu263161 | ||
| 005 | 20150617230002.3 | ||
| 008 | 130228s2012------------------------eng-d | ||
| 040 | |a STU |b slo | ||
| 041 | 0 | |a eng | |
| 100 | 1 | |a Šrámka, Michal, |d 1978- |4 aut |u E050 |U FEI Fakulta elektrotechniky a informatiky |T FEI Ústav informatiky a matematiky |X 62214 |U E050 |Y 816 |7 A000062214 | |
| 245 | 1 | |a Ochrana súkromia pri analýze a publikovaní údajov : |b Obhaj. 10.12.2012 | |
| 260 | |a Bratislava : |b STU v Bratislave, |c 2012 | ||
| 300 | |a 144 s | ||
| 996 | |b 284ED01402 |c E*ZP-266 |l EE01 |s A |a 24 |w stu263161_0001 | ||